000 01721 a2200229 4500
003 MN-UlNLM
005 20220701125436.0
008 a130t1998 mp ||||| |||| 00| 0 mon d
040 _aМонгол Улсын Үндэсний номын сан
084 _a81.2Мон-3
_2NNA
_bН 95
_q80
110 _aМУШУА-ийн хэл зохиолын хүрээлэн, Стандартчилал хэмжил зүйн үндэсний төв
245 0 _aНэр томьёо судлал
250 _a1
260 0 _c1998
_aУБ
300 _a87х
546 _aMongolia
653 _aХэл шинжлэл.
_aМонгол хэл
_aҮгсийн сан судлал
740 _aЧ.Лхагважав. Монгол улсын гэгээрлийн сайд "Нэр томъёоны тулгамдсан асуудал" сэдэвт эрдэм шинжилгээний бага хурал дээр хэлсэн үг.
_aН.Баярмагнай. "Нэр томъёоны стандартчиллын өнөөгийн байдал ба цаашдыг зорилт.
_aЛ.Балдан. "Нэр томъёо, оноосон нэрийг жигдлэх асуудалд".
_aС.Мөөмөө. Нэгэн нэр томъёоны учир.
_aН.Манибазар. Монгол орны гуурст ургамлын нэр томъёог жигдлэх асуудалд.
_aР.Гүрбазар. "Нэр томъёоны цэгцлэх асуудалд".
_aС.Лочин. Шилжилтийн үеийн нэр томъяоны зарим асуудал.
_aЦ.Эрдэнэбат. Монголчуудын нэр томъёо тогтоож ирсэн уламжлалаас.
856 _aprintbook
942 _cBK
999 _c69985
_d69985